La razón educada. (Registro nro. 2355)

Detalles MARC
000 -LEADER
fixed length control field 00934nam a2200253 a 4500
005 - FECHA ULTIMA MODIFICACION
control field 20240412132223.0
008 - CAMPO DE CONTROL (LIBRO)
fixed length control field 100708e1998||||ag f |||| 001 0 spa d
020 ## - INTERNATIONAL STANDARD BOOK NUMBER
ISBN 9507861890
041 ## - CODIGO DE IDIOMA
Código de idioma del texto/pista de sonido o título separado spa
092 ## - SIGNATURA TOPOGRAFICA DEWEY LOCAL
número de clasificación 149.7
libristica 15
sección DAL
100 1# - ENTRADA PRINCIPAL--NOMBRE PERSONAL
Nombre personal Dallera, Osvaldo A.
9 (RLIN) 3165
245 #3 - TITULO PROPIAMENTE DICHO
Título La razón educada.
Subtítulo y Título paralelo Una introducción al estudio de la acción, la creencia y el valor racional /
Mención de responsabilidad y remanente de la transcripción de la portada Osvaldo A. Dallera
250 ## - MENCION DE EDICION
Mención de edición 1a ed.
260 ## - PIE DE IMPRENTA
Lugar de publicación, distribución, etc Buenos Aires:
Nombre de la editorial, distribuidor, etc Biblos;
Fecha de publicación 1998.
300 ## - DESCRIPCION FISICA
Extension 119 p.
Dimensiones 23x16 cm.
500 ## - NOTA GENERAL
Nota general Dallera, O. A. (1998). La razón educada. Una introducción al estudio de la acción, la creencia y el valor racional. (1a ed.). Buenos Aires : Biblos.
590 ## - NOTAS LOCALES (RLIN)
Nota local Donación Dora Vera, febrero 2017
653 ## - TÉRMINO INDIZADO - PALABRAS CLAVES
Palabra clave Razon y racionalidad
653 ## - TÉRMINO INDIZADO - PALABRAS CLAVES
Palabra clave Conducta racional
653 ## - TÉRMINO INDIZADO - PALABRAS CLAVES
Palabra clave Creencia racional
653 ## - TÉRMINO INDIZADO - PALABRAS CLAVES
Palabra clave Perfil etico de la accion racional
653 ## - TÉRMINO INDIZADO - PALABRAS CLAVES
Palabra clave Criticas a la racionalidad
942 ## - ADDED ENTRY ELEMENTS (KOHA)
Source of classification or shelving scheme Dewey Decimal Classification
Item type Libros
Existencias
Estado de retiro Existencia Fuente de clasificación Estado general No para prestamo Ubicación permanente ubicación actual Sala de ubicación Fecha de adquisición Fuente de adquisición Total Checkouts Número de clasificación Código de barras Date last seen Número de ejemplar Price effective from Koha tipo de elemento (item) Public note
    Dewey Decimal Classification     Biblioteca Medicina Biblioteca Medicina Circulación 01/03/2017 Donacion Dora Vera, febrero 2017   149.7 15 DAL 3805 01/03/2017 Ej.1 01/03/2017 Libros Donacion Dora Vera, febrero 2017

UNIVERSIDAD NACIONAL DEL COMAHUE
Biblioteca de la Facultad de Ciencias Médicas
Sede Toschi: Los Arrayanes y Av. Toschi, Cipolletti  - Rio Negro
Sede Los Tordos:  Yrigoyen al 2211, Cipolletti - Rio Negro 

Teléfono: 0299 - 4774707 int 25
Contacto: biblioteca@facimed.uncoma.edu.ar
© 2011 - 2026